Most expensive football transfers - 2025 Winter transfer window - Statistics

General Stats
  • This quiz has been taken 79 times
  • The average score is 7 of 10
Answer Stats
Fee (M €) Nationality Left Joined Player % Correct
77,00 Colombia Aston Villa Al-Nassr Jhon Durán
93%
70,00 Georgia Napoli Paris-Saint Germain Khvicha Kvaratskhelia
93%
75,00 Egypt E. Frankfurt Manchester City Omar Marmoush
93%
50,00 Netherlands Paris-Saint Germain RB Leipzig Xavi Simons
87%
60,00 Spain FC Porto Manchester City Nico González
79%
40,00 Uzbekistan Lens Manchester City Abdukodir Khusanov
70%
32,00 Mexico Feyenoord AC Milan Santiago Gimenez
67%
37,00 Brazil Palmeiras Manchester City Vitor Reis
57%
50,00 Brazil FC Porto Al-Ahli Galeno
47%
33,00 Brazil Botafogo Zenit S-Pb Luiz Henrique
26%
No matching quizzes found
Score Distribution
Percent of People with Each Score
Percentile by Number Answered
Your Score History
You have not taken this quiz